[Event "San Fernando op 18th"]
[Site "San Fernando"]
[Date "2004.07.21"]
[Round "5"]
[White "Cebada Sanchez, Jesus Maria"]
[Black "Garcia Baena, Antonio"]
[Result "1-0"]
[WhiteElo "1892"]
[BlackElo "1916"]
[PlyCount "96"]
[EventDate "2004.07.18"]
[EventType "swiss"]
[EventRounds "8"]
[EventCountry "ESP"]
[SourceTitle "CBM 101 Extra"]
[Source "ChessBase"]
[SourceDate "2004.09.01"]
[SourceVersion "2"]
[SourceVersionDate "2004.09.01"]
[SourceQuality "1"]

1. e4 c5 2. Nf3 Nc6 3. d4 cxd4 4. Nxd4 Nf6 5. Nc3 e5 6. Ndb5 d6 7. Bd3 a6 8. Na3 b5 9. Nd5 Nxd5 10. exd5 Ne7 11. f4 g6 12. 0-0 Bg7 13. fxe5 dxe5 14. Qf3 Nf5 15. Be3 0-0 16. Bc5 Nd6 17. c4 f5 18. Qg3 Qc7 19. Bb4 Rd8 20. c5 Qa7 21. Kh1 Nb7 22. c6 Nc5 23. d6 Rxd6 24. Bxb5 Ne4 25. Qb3+ Be6 26. Bc4 Bxc4 27. Qxc4+ Kh8 28. Bxd6 Nxd6 29. Qe6 Ne4 30. Qd7 Qxd7 31. cxd7 Rd8 32. Rac1 Bf6 33. Rc8 Nd6 34. Rxd8+ Bxd8 35. Rd1 Nf7 36. Nc4 Kg7 37. Nd6 a5 38. Nb7 Kf6 39. Nxd8 Nxd8 40. g3 Ke7 41. Kg2 Nc6 42. Rd5 Kd8 43. b3 e4 44. Kf2 Nb4 45. Rxa5 Kxd7 46. a4 Kd6 47. Ra8 Kc5 48. Rc8+ Kd4 1-0

[Event "San Fernando op 18th"]
[Site "San Fernando"]
[Date "2004.07.18"]
[Round "1"]
[White "Cebada Sanchez, Jesus Maria"]
[Black "Rivas Pastor, Manuel"]
[Result "0-1"]
[WhiteElo "1892"]
[BlackElo "2421"]
[PlyCount "64"]
[EventDate "2004.07.18"]
[EventType "swiss"]
[EventRounds "8"]
[EventCountry "ESP"]
[SourceTitle "CBM 101 Extra"]
[Source "ChessBase"]
[SourceDate "2004.09.01"]
[SourceVersion "2"]
[SourceVersionDate "2004.09.01"]
[SourceQuality "1"]

1. e4 c5 2. Nf3 d6 3. d4 cxd4 4. Nxd4 Nf6 5. Nc3 a6 6. Be2 g6 7. f4 Bg7 8. Be3 0-0 9. 0-0 Qc7 10. Kh1 b5 11. a3 Bb7 12. Bf3 Nbd7 13. Qe1 Nc5 14. Bg1 e5 15. fxe5 dxe5 16. Nb3 Nxb3 17. cxb3 Rac8 18. Rc1 Qe7 19. Qg3 Rfd8 20. Be3 Rd3 21. Bg5 Qe8 22. Qh4 Nd7 23. Be2 Rd6 24. Rf3 f6 25. Bh6 g5 26. Bxg5 fxg5 27. Qxg5 Nc5 28. Rh3 Nxe4 29. Nxe4 Rxc1+ 30. Qxc1 Bxe4 31. Bh5 Rc6 32. Qg5 Qe7 0-1